| 000 | 00937pam a2200265 a 4500 | ||
|---|---|---|---|
| 999 |
_c4073 _d4073 |
||
| 001 | 2123943 | ||
| 003 | GBCCL | ||
| 005 | 20241126110510.0 | ||
| 008 | 970310s1997 cauab b 001 0 eng | ||
| 010 | _a 97010999 | ||
| 020 | _a0830718915 | ||
| 040 |
_aDLC _cDLC _dDLC |
||
| 050 | 0 | 0 |
_aBV210.2 _b.W24 1997 |
| 082 | 0 | 0 |
_a248.32 _221 _bWAG |
| 100 | 1 |
_aWagner, C. Peter. _92967 |
|
| 245 | 1 | 0 |
_aPraying with power : _bhow to pray effectively and hear clearly from God / _cC. Peter Wagner. |
| 260 |
_aVentura, Calif. : _bRegal Books, _cc1997. |
||
| 300 |
_a274 p. : _bill., map ; _c23 cm. |
||
| 440 | 4 |
_aThe prayer warrior series _97668 |
|
| 504 | _aIncludes bibliographical references and index. | ||
| 650 | 0 |
_aPrayer _xChristianity. _9227 |
|
| 906 |
_a7 _bcbc _corignew _d1 _eocip _f19 _gy-gencatlg |
||
| 942 |
_2ddc _cBK |
||